000 00467nam a2200145Ia 4500
008 230917s9999||||xx |||||||||||||| ||und||
040 _e164349
_aMAIN
041 _aEnglish
082 _a891.431711 TP129H
100 _aठाकुर प्रसाद सिहं
245 0 _aहारी हुई लडा़ई लड़ते हुए
260 _aदिल्ली
_bइन्द्रप्रस्थ
_c1986
300 _a95पृ. p.
942 _cHN
999 _c53400
_d53400